Applied Multivariate statistical analysis (Record no. 2969)

MARC details
000 -LEADER
fixed length control field 00455nam a22001697a 4500
005 - DATE AND TIME OF LATEST TRANSACTION
control field 20180604111336.0
008 - FIXED-LENGTH DATA ELEMENTS--GENERAL INFORMATION
fixed length control field 160616b xxu||||| |||| 00| 0 eng d
020 ## - INTERNATIONAL STANDARD BOOK NUMBER
ISBN 978-81-317-2222-0
041 ## - LANGUAGE CODE
Language code of text/sound track or separate title eng
082 ## - DEWEY DECIMAL CLASSIFICATION NUMBER
Item number 8000
Classification number 519.5
100 ## - MAIN ENTRY--AUTHOR NAME
Personal name RICHARD .A.JOHNSON AND DEAN W. WICHERN
245 ## - TITLE STATEMENT
Title Applied Multivariate statistical analysis
260 ## - PUBLICATION, DISTRIBUTION, ETC. (IMPRINT)
Place of publication Delhi
Name of publisher pearson education
Year of publication 2003
300 ## - PHYSICAL DESCRIPTION
Number of Pages 776
650 ## - SUBJECT ADDED ENTRY--TOPICAL TERM
Topical Term Management
942 ## - ADDED ENTRY ELEMENTS (KOHA)
Koha item type Books
Holdings
Lost status Damaged status Collection code Home library Current library Shelving location Date acquired Full call number Accession Number Koha item type
    MANAGEMENT JRU Library JRU Library SHELF-75-G 16/06/2016 519.5 8000 Books